000
00328nam a2200133 a 4500
005
20140414093847.0
008
100223s19uu xx 00 eng d
050
_a
CDB 951.94
_b
E4U 2002
245
_a
E4u :
_b
English for you.
650
_a
International Baccalaureate.
650
_a
Korean.
942
_c
AVM
999
_c
109647
_d
109647